<?xml version="1.0" encoding="UTF-8"?>
<record
    xmlns:xsi="http://www.w3.org/2001/XMLSchema-instance"
    xsi:schemaLocation="http://www.loc.gov/MARC21/slim http://www.loc.gov/standards/marcxml/schema/MARC21slim.xsd"
    xmlns="http://www.loc.gov/MARC21/slim">

  <leader>01291nas a2200301 454500</leader>
  <controlfield tag="001">22981</controlfield>
  <controlfield tag="005">20260407193506.0</controlfield>
  <controlfield tag="008">260407s1949####ag###########|||spa#d</controlfield>
  <controlfield tag="003">AR-UNSa-BCEJYS</controlfield>
  <datafield tag="040" ind1=" " ind2=" ">
    <subfield code="a">AR-UNSa-BCEJYS</subfield>
    <subfield code="b">spa</subfield>
    <subfield code="c">AR-UNSa-BCEJYS</subfield>
  </datafield>
  <datafield tag="080" ind1=" " ind2=" ">
    <subfield code="a">330</subfield>
    <subfield code="x">Econom&#xED;a en general</subfield>
  </datafield>
  <datafield tag="245" ind1="1" ind2="0">
    <subfield code="a">Revista de la Facultad de Ciencias Econ&#xF3;micas de la Universidad de Cuyo</subfield>
  </datafield>
  <datafield tag="022" ind1=" " ind2=" ">
    <subfield code="a">0041-8668</subfield>
  </datafield>
  <datafield tag="264" ind1=" " ind2="1">
    <subfield code="a">Mendoza :</subfield>
    <subfield code="b">Universidad Nacional de Cuyo. Facultad de Ciencias Econ&#xF3;micas</subfield>
    <subfield code="c">1949</subfield>
  </datafield>
  <datafield tag="310" ind1=" " ind2=" ">
    <subfield code="a">Frecuencia: Cuatrimestral
A partir del A&#xF1;o VI, N&#xBA; 16 cambia de t&#xED;tulo la publicaci&#xF3;n por Revista de la Facultad de Ciencias Econ&#xF3;micas 
Cambia de Director a partir del A&#xF1;o XLVI, N&#xBA; 109/110 por Silvia Seippel de Gaspar</subfield>
  </datafield>
  <datafield tag="942" ind1=" " ind2=" ">
    <subfield code="c">SER</subfield>
  </datafield>
  <datafield tag="590" ind1=" " ind2=" ">
    <subfield code="a">niveau_biblio:s niveau_hierar:1</subfield>
  </datafield>
  <datafield tag="100" ind1="1" ind2=" ">
    <subfield code="a">Leiva Hita, Francisco V.</subfield>
  </datafield>
  <datafield tag="700" ind1="1" ind2=" ">
    <subfield code="a">Capl&#xE1;n, Benedicto</subfield>
  </datafield>
  <datafield tag="700" ind1="1" ind2=" ">
    <subfield code="a">Paolantonio, R.</subfield>
  </datafield>
  <datafield tag="700" ind1="1" ind2=" ">
    <subfield code="a">Toranzos, Fausto I.</subfield>
  </datafield>
  <datafield tag="700" ind1="1" ind2=" ">
    <subfield code="a">Vila Porcar, J.V.</subfield>
  </datafield>
  <datafield tag="700" ind1="1" ind2=" ">
    <subfield code="a">Erice, A.E.</subfield>
  </datafield>
  <datafield tag="700" ind1="1" ind2=" ">
    <subfield code="a">Universidad Nacional de Cuyo. Facultad de Ciencias Econ&#xF3;micas</subfield>
  </datafield>
  <datafield tag="650" ind1=" " ind2=" ">
    <subfield code="a">Investigaci&#xF3;n econ&#xF3;mica</subfield>
  </datafield>
  <datafield tag="650" ind1=" " ind2=" ">
    <subfield code="a">ECONOMIA</subfield>
  </datafield>
  <datafield tag="856" ind1="4" ind2="1">
    <subfield code="u">https://biblioeco.unsa.edu.ar/pmb/images/revistas/Revista de la Facultad de Ciencias Econ?micas.jpg</subfield>
    <subfield code="y">Imagen de portada</subfield>
    <subfield code="q">image/jpeg</subfield>
  </datafield>
  <datafield tag="999" ind1=" " ind2=" ">
    <subfield code="c">8557</subfield>
    <subfield code="d">8557</subfield>
  </datafield>
  <datafield tag="952" ind1=" " ind2=" ">
    <subfield code="0">0</subfield>
    <subfield code="1">0</subfield>
    <subfield code="4">0</subfield>
    <subfield code="7">0</subfield>
    <subfield code="a">BCEJYS</subfield>
    <subfield code="b">BCEJYS</subfield>
    <subfield code="c">17</subfield>
    <subfield code="d">1994-01-01</subfield>
    <subfield code="h">A&#xF1;o XLVI, N&#xBA; 109/110 - ene./dic. 1994</subfield>
    <subfield code="l">0</subfield>
    <subfield code="o">H330 CUY 109/110</subfield>
    <subfield code="p">R12009</subfield>
    <subfield code="r">2026-04-10 16:08:11</subfield>
    <subfield code="w">2026-04-10</subfield>
    <subfield code="y">RN</subfield>
  </datafield>
  <datafield tag="952" ind1=" " ind2=" ">
    <subfield code="0">0</subfield>
    <subfield code="1">0</subfield>
    <subfield code="4">0</subfield>
    <subfield code="7">0</subfield>
    <subfield code="a">BCEJYS</subfield>
    <subfield code="b">BCEJYS</subfield>
    <subfield code="c">17</subfield>
    <subfield code="d">1990-01-01</subfield>
    <subfield code="h">A&#xF1;o XLII, N&#xBA; 101/102 - ene./dic. 1990</subfield>
    <subfield code="l">0</subfield>
    <subfield code="o">H330 CUY 101/102</subfield>
    <subfield code="p">R11114</subfield>
    <subfield code="r">2026-04-10 16:08:11</subfield>
    <subfield code="w">2026-04-10</subfield>
    <subfield code="y">RN</subfield>
  </datafield>
  <datafield tag="952" ind1=" " ind2=" ">
    <subfield code="0">0</subfield>
    <subfield code="1">0</subfield>
    <subfield code="4">0</subfield>
    <subfield code="7">0</subfield>
    <subfield code="a">BCEJYS</subfield>
    <subfield code="b">BCEJYS</subfield>
    <subfield code="c">17</subfield>
    <subfield code="d">1989-01-01</subfield>
    <subfield code="h">A&#xF1;o XLI, N&#xBA; 99/100 - ene./dic. 1989</subfield>
    <subfield code="l">0</subfield>
    <subfield code="o">H330 CUY 99/100</subfield>
    <subfield code="p">R11113</subfield>
    <subfield code="r">2026-04-10 16:08:11</subfield>
    <subfield code="w">2026-04-10</subfield>
    <subfield code="y">RN</subfield>
  </datafield>
  <datafield tag="952" ind1=" " ind2=" ">
    <subfield code="0">0</subfield>
    <subfield code="1">0</subfield>
    <subfield code="4">0</subfield>
    <subfield code="7">0</subfield>
    <subfield code="a">BCEJYS</subfield>
    <subfield code="b">BCEJYS</subfield>
    <subfield code="c">17</subfield>
    <subfield code="d">1987-01-01</subfield>
    <subfield code="h">A&#xF1;o XXXIX, N&#xBA; 95/96 - ene./dic. 1987</subfield>
    <subfield code="l">0</subfield>
    <subfield code="o">H330 CUY 95/96</subfield>
    <subfield code="p">R11112</subfield>
    <subfield code="r">2026-04-10 16:08:11</subfield>
    <subfield code="w">2026-04-10</subfield>
    <subfield code="y">RN</subfield>
  </datafield>
  <datafield tag="952" ind1=" " ind2=" ">
    <subfield code="0">0</subfield>
    <subfield code="1">0</subfield>
    <subfield code="4">0</subfield>
    <subfield code="7">0</subfield>
    <subfield code="a">BCEJYS</subfield>
    <subfield code="b">BCEJYS</subfield>
    <subfield code="c">17</subfield>
    <subfield code="d">1986-01-01</subfield>
    <subfield code="h">A&#xF1;o XXXVIII, N&#xBA; 93/94 - ene./dic. 1986</subfield>
    <subfield code="l">0</subfield>
    <subfield code="o">H330 CUY 93/94</subfield>
    <subfield code="p">R11111</subfield>
    <subfield code="r">2026-04-10 16:08:11</subfield>
    <subfield code="w">2026-04-10</subfield>
    <subfield code="y">RN</subfield>
  </datafield>
  <datafield tag="952" ind1=" " ind2=" ">
    <subfield code="0">0</subfield>
    <subfield code="1">0</subfield>
    <subfield code="4">0</subfield>
    <subfield code="7">0</subfield>
    <subfield code="a">BCEJYS</subfield>
    <subfield code="b">BCEJYS</subfield>
    <subfield code="c">17</subfield>
    <subfield code="d">1985-01-01</subfield>
    <subfield code="h">A&#xF1;o XXXVII, N&#xBA; 91/92 - ene./dic. 1985</subfield>
    <subfield code="l">0</subfield>
    <subfield code="o">H330 CUY 91/92</subfield>
    <subfield code="p">R11110</subfield>
    <subfield code="r">2026-04-10 16:08:11</subfield>
    <subfield code="w">2026-04-10</subfield>
    <subfield code="y">RN</subfield>
  </datafield>
  <datafield tag="952" ind1=" " ind2=" ">
    <subfield code="0">0</subfield>
    <subfield code="1">0</subfield>
    <subfield code="4">0</subfield>
    <subfield code="7">0</subfield>
    <subfield code="a">BCEJYS</subfield>
    <subfield code="b">BCEJYS</subfield>
    <subfield code="c">17</subfield>
    <subfield code="d">1983-07-01</subfield>
    <subfield code="h">A&#xF1;o XXXV, N&#xBA; 88 - jul. 1983</subfield>
    <subfield code="l">0</subfield>
    <subfield code="o">H330 CUY 88</subfield>
    <subfield code="p">R11109</subfield>
    <subfield code="r">2026-04-10 16:08:11</subfield>
    <subfield code="w">2026-04-10</subfield>
    <subfield code="y">RN</subfield>
  </datafield>
  <datafield tag="952" ind1=" " ind2=" ">
    <subfield code="0">0</subfield>
    <subfield code="1">0</subfield>
    <subfield code="4">0</subfield>
    <subfield code="7">0</subfield>
    <subfield code="a">BCEJYS</subfield>
    <subfield code="b">BCEJYS</subfield>
    <subfield code="c">17</subfield>
    <subfield code="d">1983-01-01</subfield>
    <subfield code="h">A&#xF1;o XXXV, N&#xBA; 87 - ene./jun. 1983</subfield>
    <subfield code="l">0</subfield>
    <subfield code="o">H330 CUY 87</subfield>
    <subfield code="p">R11108</subfield>
    <subfield code="r">2026-04-10 16:08:11</subfield>
    <subfield code="w">2026-04-10</subfield>
    <subfield code="y">RN</subfield>
  </datafield>
  <datafield tag="952" ind1=" " ind2=" ">
    <subfield code="0">0</subfield>
    <subfield code="1">0</subfield>
    <subfield code="4">0</subfield>
    <subfield code="7">0</subfield>
    <subfield code="a">BCEJYS</subfield>
    <subfield code="b">BCEJYS</subfield>
    <subfield code="c">17</subfield>
    <subfield code="d">1982-07-01</subfield>
    <subfield code="h">A&#xF1;o XXXIV, N&#xBA; 86 - jul./dic. 1982</subfield>
    <subfield code="l">0</subfield>
    <subfield code="o">H330 CUY 86</subfield>
    <subfield code="p">R11107</subfield>
    <subfield code="r">2026-04-10 16:08:12</subfield>
    <subfield code="w">2026-04-10</subfield>
    <subfield code="y">RN</subfield>
  </datafield>
  <datafield tag="952" ind1=" " ind2=" ">
    <subfield code="0">0</subfield>
    <subfield code="1">0</subfield>
    <subfield code="4">0</subfield>
    <subfield code="7">0</subfield>
    <subfield code="a">BCEJYS</subfield>
    <subfield code="b">BCEJYS</subfield>
    <subfield code="c">17</subfield>
    <subfield code="d">1982-01-01</subfield>
    <subfield code="h">A&#xF1;o XXXIV, N&#xBA; 85 - ene./jun. 1982</subfield>
    <subfield code="l">0</subfield>
    <subfield code="o">H330 CUY 85</subfield>
    <subfield code="p">R11106</subfield>
    <subfield code="r">2026-04-10 16:08:12</subfield>
    <subfield code="w">2026-04-10</subfield>
    <subfield code="y">RN</subfield>
  </datafield>
  <datafield tag="952" ind1=" " ind2=" ">
    <subfield code="0">0</subfield>
    <subfield code="1">0</subfield>
    <subfield code="4">0</subfield>
    <subfield code="7">0</subfield>
    <subfield code="a">BCEJYS</subfield>
    <subfield code="b">BCEJYS</subfield>
    <subfield code="c">17</subfield>
    <subfield code="d">1981-07-01</subfield>
    <subfield code="h">A&#xF1;o XXXIII, N&#xBA; 84 - jul./dic. 1981</subfield>
    <subfield code="l">0</subfield>
    <subfield code="o">H330 CUY 84</subfield>
    <subfield code="p">R11105</subfield>
    <subfield code="r">2026-04-10 16:08:12</subfield>
    <subfield code="w">2026-04-10</subfield>
    <subfield code="y">RN</subfield>
  </datafield>
  <datafield tag="952" ind1=" " ind2=" ">
    <subfield code="0">0</subfield>
    <subfield code="1">0</subfield>
    <subfield code="4">0</subfield>
    <subfield code="7">0</subfield>
    <subfield code="a">BCEJYS</subfield>
    <subfield code="b">BCEJYS</subfield>
    <subfield code="c">17</subfield>
    <subfield code="d">1981-01-01</subfield>
    <subfield code="h">A&#xF1;o XXXIII, N&#xBA; 83 - ene./jun. 1981</subfield>
    <subfield code="l">0</subfield>
    <subfield code="o">H330 CUY 83</subfield>
    <subfield code="p">R11104</subfield>
    <subfield code="r">2026-04-10 16:08:12</subfield>
    <subfield code="w">2026-04-10</subfield>
    <subfield code="y">RN</subfield>
  </datafield>
  <datafield tag="952" ind1=" " ind2=" ">
    <subfield code="0">0</subfield>
    <subfield code="1">0</subfield>
    <subfield code="4">0</subfield>
    <subfield code="7">0</subfield>
    <subfield code="a">BCEJYS</subfield>
    <subfield code="b">BCEJYS</subfield>
    <subfield code="c">17</subfield>
    <subfield code="d">1980-07-01</subfield>
    <subfield code="h">A&#xF1;o XXXII, N&#xBA; 82 - jul./dic. 1980</subfield>
    <subfield code="l">0</subfield>
    <subfield code="o">H330 CUY 82</subfield>
    <subfield code="p">R11103</subfield>
    <subfield code="r">2026-04-10 16:08:12</subfield>
    <subfield code="w">2026-04-10</subfield>
    <subfield code="y">RN</subfield>
  </datafield>
  <datafield tag="952" ind1=" " ind2=" ">
    <subfield code="0">0</subfield>
    <subfield code="1">0</subfield>
    <subfield code="4">0</subfield>
    <subfield code="7">0</subfield>
    <subfield code="a">BCEJYS</subfield>
    <subfield code="b">BCEJYS</subfield>
    <subfield code="c">17</subfield>
    <subfield code="d">1980-01-01</subfield>
    <subfield code="h">A&#xF1;o XXXII, N&#xBA; 81 - ene./jun. 1980</subfield>
    <subfield code="l">0</subfield>
    <subfield code="o">H330 CUY 81</subfield>
    <subfield code="p">R11102</subfield>
    <subfield code="r">2026-04-10 16:08:12</subfield>
    <subfield code="w">2026-04-10</subfield>
    <subfield code="y">RN</subfield>
  </datafield>
  <datafield tag="952" ind1=" " ind2=" ">
    <subfield code="0">0</subfield>
    <subfield code="1">0</subfield>
    <subfield code="4">0</subfield>
    <subfield code="7">0</subfield>
    <subfield code="a">BCEJYS</subfield>
    <subfield code="b">BCEJYS</subfield>
    <subfield code="c">17</subfield>
    <subfield code="d">1979-07-01</subfield>
    <subfield code="h">A&#xF1;o XXXI, N&#xBA; 80 - jul./dic. 1979</subfield>
    <subfield code="l">0</subfield>
    <subfield code="o">H330 CUY 80</subfield>
    <subfield code="p">R11101</subfield>
    <subfield code="r">2026-04-10 16:08:12</subfield>
    <subfield code="w">2026-04-10</subfield>
    <subfield code="y">RN</subfield>
  </datafield>
  <datafield tag="952" ind1=" " ind2=" ">
    <subfield code="0">0</subfield>
    <subfield code="1">0</subfield>
    <subfield code="4">0</subfield>
    <subfield code="7">0</subfield>
    <subfield code="a">BCEJYS</subfield>
    <subfield code="b">BCEJYS</subfield>
    <subfield code="c">17</subfield>
    <subfield code="d">1979-01-01</subfield>
    <subfield code="h">A&#xF1;o XXXI, N&#xBA; 79 - ene./jun. 1979</subfield>
    <subfield code="l">0</subfield>
    <subfield code="o">H330 CUY 79</subfield>
    <subfield code="p">R11100</subfield>
    <subfield code="r">2026-04-10 16:08:12</subfield>
    <subfield code="w">2026-04-10</subfield>
    <subfield code="y">RN</subfield>
  </datafield>
  <datafield tag="952" ind1=" " ind2=" ">
    <subfield code="0">0</subfield>
    <subfield code="1">0</subfield>
    <subfield code="4">0</subfield>
    <subfield code="7">0</subfield>
    <subfield code="a">BCEJYS</subfield>
    <subfield code="b">BCEJYS</subfield>
    <subfield code="c">17</subfield>
    <subfield code="d">1978-07-01</subfield>
    <subfield code="h">A&#xF1;o XXX, N&#xBA; 78 - jul./dic. 1978</subfield>
    <subfield code="l">0</subfield>
    <subfield code="o">H330 CUY 78</subfield>
    <subfield code="p">R11099</subfield>
    <subfield code="r">2026-04-10 16:08:12</subfield>
    <subfield code="w">2026-04-10</subfield>
    <subfield code="y">RN</subfield>
  </datafield>
  <datafield tag="952" ind1=" " ind2=" ">
    <subfield code="0">0</subfield>
    <subfield code="1">0</subfield>
    <subfield code="4">0</subfield>
    <subfield code="7">0</subfield>
    <subfield code="a">BCEJYS</subfield>
    <subfield code="b">BCEJYS</subfield>
    <subfield code="c">17</subfield>
    <subfield code="d">1978-01-01</subfield>
    <subfield code="h">A&#xF1;o XXX, N&#xBA; 77 - ene./jun. 1978</subfield>
    <subfield code="l">0</subfield>
    <subfield code="o">H330 CUY 77</subfield>
    <subfield code="p">R11098</subfield>
    <subfield code="r">2026-04-10 16:08:12</subfield>
    <subfield code="w">2026-04-10</subfield>
    <subfield code="y">RN</subfield>
  </datafield>
  <datafield tag="952" ind1=" " ind2=" ">
    <subfield code="0">0</subfield>
    <subfield code="1">0</subfield>
    <subfield code="4">0</subfield>
    <subfield code="7">0</subfield>
    <subfield code="a">BCEJYS</subfield>
    <subfield code="b">BCEJYS</subfield>
    <subfield code="c">17</subfield>
    <subfield code="d">1974-01-01</subfield>
    <subfield code="h">A&#xF1;o XXVI, N&#xBA; 76 - ene. 1974/dic. 1977</subfield>
    <subfield code="l">0</subfield>
    <subfield code="o">H330 CUY 76</subfield>
    <subfield code="p">R11097</subfield>
    <subfield code="r">2026-04-10 16:08:12</subfield>
    <subfield code="w">2026-04-10</subfield>
    <subfield code="y">RN</subfield>
  </datafield>
  <datafield tag="952" ind1=" " ind2=" ">
    <subfield code="0">0</subfield>
    <subfield code="1">0</subfield>
    <subfield code="4">0</subfield>
    <subfield code="7">0</subfield>
    <subfield code="a">BCEJYS</subfield>
    <subfield code="b">BCEJYS</subfield>
    <subfield code="c">17</subfield>
    <subfield code="d">1973-01-01</subfield>
    <subfield code="h">A&#xF1;o XXV, N&#xBA; 73/75 - ene./dic. 1973</subfield>
    <subfield code="l">0</subfield>
    <subfield code="o">H330 CUY 73/75</subfield>
    <subfield code="p">R11096</subfield>
    <subfield code="r">2026-04-10 16:08:12</subfield>
    <subfield code="w">2026-04-10</subfield>
    <subfield code="y">RN</subfield>
  </datafield>
  <datafield tag="952" ind1=" " ind2=" ">
    <subfield code="0">0</subfield>
    <subfield code="1">0</subfield>
    <subfield code="4">0</subfield>
    <subfield code="7">0</subfield>
    <subfield code="a">BCEJYS</subfield>
    <subfield code="b">BCEJYS</subfield>
    <subfield code="c">17</subfield>
    <subfield code="d">1972-09-01</subfield>
    <subfield code="h">A&#xF1;o XXIV, N&#xBA; 72 - sep./dic. 1972</subfield>
    <subfield code="l">0</subfield>
    <subfield code="o">H330 CUY 72</subfield>
    <subfield code="p">R11095</subfield>
    <subfield code="r">2026-04-10 16:08:12</subfield>
    <subfield code="w">2026-04-10</subfield>
    <subfield code="y">RN</subfield>
  </datafield>
  <datafield tag="952" ind1=" " ind2=" ">
    <subfield code="0">0</subfield>
    <subfield code="1">0</subfield>
    <subfield code="4">0</subfield>
    <subfield code="7">0</subfield>
    <subfield code="a">BCEJYS</subfield>
    <subfield code="b">BCEJYS</subfield>
    <subfield code="c">17</subfield>
    <subfield code="d">1972-01-01</subfield>
    <subfield code="h">A&#xF1;o XXIV, N&#xBA; 70/71 - ene./ago. 1972</subfield>
    <subfield code="l">0</subfield>
    <subfield code="o">H330 CUY 70/71</subfield>
    <subfield code="p">R11094</subfield>
    <subfield code="r">2026-04-10 16:08:12</subfield>
    <subfield code="w">2026-04-10</subfield>
    <subfield code="y">RN</subfield>
  </datafield>
  <datafield tag="952" ind1=" " ind2=" ">
    <subfield code="0">0</subfield>
    <subfield code="1">0</subfield>
    <subfield code="4">0</subfield>
    <subfield code="7">0</subfield>
    <subfield code="a">BCEJYS</subfield>
    <subfield code="b">BCEJYS</subfield>
    <subfield code="c">17</subfield>
    <subfield code="d">1971-09-01</subfield>
    <subfield code="h">A&#xF1;o XXIII, N&#xBA; 69 - sep./dic. 1971</subfield>
    <subfield code="l">0</subfield>
    <subfield code="o">H330 CUY 69</subfield>
    <subfield code="p">R11093</subfield>
    <subfield code="r">2026-04-10 16:08:12</subfield>
    <subfield code="w">2026-04-10</subfield>
    <subfield code="y">RN</subfield>
  </datafield>
  <datafield tag="952" ind1=" " ind2=" ">
    <subfield code="0">0</subfield>
    <subfield code="1">0</subfield>
    <subfield code="4">0</subfield>
    <subfield code="7">0</subfield>
    <subfield code="a">BCEJYS</subfield>
    <subfield code="b">BCEJYS</subfield>
    <subfield code="c">17</subfield>
    <subfield code="d">1971-01-01</subfield>
    <subfield code="h">A&#xF1;o XXIII, N&#xBA; 67/68 - ene./ago. 1971</subfield>
    <subfield code="l">0</subfield>
    <subfield code="o">H330 CUY 67/68</subfield>
    <subfield code="p">R11092</subfield>
    <subfield code="r">2026-04-10 16:08:12</subfield>
    <subfield code="w">2026-04-10</subfield>
    <subfield code="y">RN</subfield>
  </datafield>
  <datafield tag="952" ind1=" " ind2=" ">
    <subfield code="0">0</subfield>
    <subfield code="1">0</subfield>
    <subfield code="4">0</subfield>
    <subfield code="7">0</subfield>
    <subfield code="a">BCEJYS</subfield>
    <subfield code="b">BCEJYS</subfield>
    <subfield code="c">17</subfield>
    <subfield code="d">1970-09-01</subfield>
    <subfield code="h">A&#xF1;o XXII, N&#xBA; 66 - sep./dic. 1970</subfield>
    <subfield code="l">0</subfield>
    <subfield code="o">H330 CUY 66</subfield>
    <subfield code="p">R11091</subfield>
    <subfield code="r">2026-04-10 16:08:12</subfield>
    <subfield code="w">2026-04-10</subfield>
    <subfield code="y">RN</subfield>
  </datafield>
  <datafield tag="952" ind1=" " ind2=" ">
    <subfield code="0">0</subfield>
    <subfield code="1">0</subfield>
    <subfield code="4">0</subfield>
    <subfield code="7">0</subfield>
    <subfield code="a">BCEJYS</subfield>
    <subfield code="b">BCEJYS</subfield>
    <subfield code="c">17</subfield>
    <subfield code="d">1970-01-01</subfield>
    <subfield code="h">A&#xF1;o XXII, N&#xBA; 64/65 - ene./ago. 1970</subfield>
    <subfield code="l">0</subfield>
    <subfield code="o">H330 CUY 64/65</subfield>
    <subfield code="p">R11090</subfield>
    <subfield code="r">2026-04-10 16:08:12</subfield>
    <subfield code="w">2026-04-10</subfield>
    <subfield code="y">RN</subfield>
  </datafield>
  <datafield tag="952" ind1=" " ind2=" ">
    <subfield code="0">0</subfield>
    <subfield code="1">0</subfield>
    <subfield code="4">0</subfield>
    <subfield code="7">0</subfield>
    <subfield code="a">BCEJYS</subfield>
    <subfield code="b">BCEJYS</subfield>
    <subfield code="c">17</subfield>
    <subfield code="d">1969-01-01</subfield>
    <subfield code="h">A&#xF1;o XXI, N&#xBA; 61/63 - ene./dic. 1969</subfield>
    <subfield code="l">0</subfield>
    <subfield code="o">H330 CUY 61/63</subfield>
    <subfield code="p">R11089</subfield>
    <subfield code="r">2026-04-10 16:08:12</subfield>
    <subfield code="w">2026-04-10</subfield>
    <subfield code="y">RN</subfield>
  </datafield>
  <datafield tag="952" ind1=" " ind2=" ">
    <subfield code="0">0</subfield>
    <subfield code="1">0</subfield>
    <subfield code="4">0</subfield>
    <subfield code="7">0</subfield>
    <subfield code="a">BCEJYS</subfield>
    <subfield code="b">BCEJYS</subfield>
    <subfield code="c">17</subfield>
    <subfield code="d">1968-05-01</subfield>
    <subfield code="h">A&#xF1;o XX, N&#xBA; 59/60 - mayo/dic. 1968</subfield>
    <subfield code="l">0</subfield>
    <subfield code="o">H330 CUY 59/60</subfield>
    <subfield code="p">R11088</subfield>
    <subfield code="r">2026-04-10 16:08:12</subfield>
    <subfield code="w">2026-04-10</subfield>
    <subfield code="y">RN</subfield>
  </datafield>
  <datafield tag="952" ind1=" " ind2=" ">
    <subfield code="0">0</subfield>
    <subfield code="1">0</subfield>
    <subfield code="4">0</subfield>
    <subfield code="7">0</subfield>
    <subfield code="a">BCEJYS</subfield>
    <subfield code="b">BCEJYS</subfield>
    <subfield code="c">17</subfield>
    <subfield code="d">1968-01-01</subfield>
    <subfield code="h">A&#xF1;o XX, N&#xBA; 58 - ene./abr. 1968</subfield>
    <subfield code="l">0</subfield>
    <subfield code="o">H330 CUY 58</subfield>
    <subfield code="p">R11087</subfield>
    <subfield code="r">2026-04-10 16:08:12</subfield>
    <subfield code="w">2026-04-10</subfield>
    <subfield code="y">RN</subfield>
  </datafield>
  <datafield tag="952" ind1=" " ind2=" ">
    <subfield code="0">0</subfield>
    <subfield code="1">0</subfield>
    <subfield code="4">0</subfield>
    <subfield code="7">0</subfield>
    <subfield code="a">BCEJYS</subfield>
    <subfield code="b">BCEJYS</subfield>
    <subfield code="c">17</subfield>
    <subfield code="d">1967-09-01</subfield>
    <subfield code="h">A&#xF1;o XIX, N&#xBA; 57 - sep./dic. 1967</subfield>
    <subfield code="l">0</subfield>
    <subfield code="o">H330 CUY 57</subfield>
    <subfield code="p">R11086</subfield>
    <subfield code="r">2026-04-10 16:08:12</subfield>
    <subfield code="w">2026-04-10</subfield>
    <subfield code="y">RN</subfield>
  </datafield>
  <datafield tag="952" ind1=" " ind2=" ">
    <subfield code="0">0</subfield>
    <subfield code="1">0</subfield>
    <subfield code="4">0</subfield>
    <subfield code="7">0</subfield>
    <subfield code="a">BCEJYS</subfield>
    <subfield code="b">BCEJYS</subfield>
    <subfield code="c">17</subfield>
    <subfield code="d">1967-01-01</subfield>
    <subfield code="h">A&#xF1;o XIX, N&#xBA; 55/56 - ene./ago. 1967</subfield>
    <subfield code="l">0</subfield>
    <subfield code="o">H330 CUY 55/56</subfield>
    <subfield code="p">R11085</subfield>
    <subfield code="r">2026-04-10 16:08:12</subfield>
    <subfield code="w">2026-04-10</subfield>
    <subfield code="y">RN</subfield>
  </datafield>
  <datafield tag="952" ind1=" " ind2=" ">
    <subfield code="0">0</subfield>
    <subfield code="1">0</subfield>
    <subfield code="4">0</subfield>
    <subfield code="7">0</subfield>
    <subfield code="a">BCEJYS</subfield>
    <subfield code="b">BCEJYS</subfield>
    <subfield code="c">17</subfield>
    <subfield code="d">1966-01-01</subfield>
    <subfield code="h">A&#xF1;o XVIII, N&#xBA; 52/54 - ene./dic. 1966</subfield>
    <subfield code="l">0</subfield>
    <subfield code="o">H330 CUY 52/54</subfield>
    <subfield code="p">R11084</subfield>
    <subfield code="r">2026-04-10 16:08:12</subfield>
    <subfield code="w">2026-04-10</subfield>
    <subfield code="y">RN</subfield>
  </datafield>
  <datafield tag="952" ind1=" " ind2=" ">
    <subfield code="0">0</subfield>
    <subfield code="1">0</subfield>
    <subfield code="4">0</subfield>
    <subfield code="7">0</subfield>
    <subfield code="a">BCEJYS</subfield>
    <subfield code="b">BCEJYS</subfield>
    <subfield code="c">17</subfield>
    <subfield code="d">1965-01-01</subfield>
    <subfield code="h">A&#xF1;o XVII, N&#xBA; 49/51 - ene./dic. 1965</subfield>
    <subfield code="l">0</subfield>
    <subfield code="o">H330 CUY 49/51</subfield>
    <subfield code="p">R11083</subfield>
    <subfield code="r">2026-04-10 16:08:12</subfield>
    <subfield code="w">2026-04-10</subfield>
    <subfield code="y">RN</subfield>
  </datafield>
  <datafield tag="952" ind1=" " ind2=" ">
    <subfield code="0">0</subfield>
    <subfield code="1">0</subfield>
    <subfield code="4">0</subfield>
    <subfield code="7">0</subfield>
    <subfield code="a">BCEJYS</subfield>
    <subfield code="b">BCEJYS</subfield>
    <subfield code="c">17</subfield>
    <subfield code="d">1964-01-01</subfield>
    <subfield code="h">A&#xF1;o XVI, N&#xBA; 46/48 - ene./dic. 1964</subfield>
    <subfield code="l">0</subfield>
    <subfield code="o">H330 CUY 46/48</subfield>
    <subfield code="p">R11954</subfield>
    <subfield code="r">2026-04-10 16:08:12</subfield>
    <subfield code="w">2026-04-10</subfield>
    <subfield code="y">RN</subfield>
  </datafield>
  <datafield tag="952" ind1=" " ind2=" ">
    <subfield code="0">0</subfield>
    <subfield code="1">0</subfield>
    <subfield code="4">0</subfield>
    <subfield code="7">0</subfield>
    <subfield code="a">BCEJYS</subfield>
    <subfield code="b">BCEJYS</subfield>
    <subfield code="c">17</subfield>
    <subfield code="d">1963-01-01</subfield>
    <subfield code="h">A&#xF1;o XIV, N&#xBA; 43/45 - ene./dic. 1963</subfield>
    <subfield code="l">0</subfield>
    <subfield code="o">H330 CUY 43/45</subfield>
    <subfield code="p">R11082</subfield>
    <subfield code="r">2026-04-10 16:08:12</subfield>
    <subfield code="w">2026-04-10</subfield>
    <subfield code="y">RN</subfield>
  </datafield>
  <datafield tag="952" ind1=" " ind2=" ">
    <subfield code="0">0</subfield>
    <subfield code="1">0</subfield>
    <subfield code="4">0</subfield>
    <subfield code="7">0</subfield>
    <subfield code="a">BCEJYS</subfield>
    <subfield code="b">BCEJYS</subfield>
    <subfield code="c">17</subfield>
    <subfield code="d">1962-09-01</subfield>
    <subfield code="h">A&#xF1;o XIV, N&#xBA; 42 - sep./dic. 1962</subfield>
    <subfield code="l">0</subfield>
    <subfield code="o">H330 CUY 42</subfield>
    <subfield code="p">R11081</subfield>
    <subfield code="r">2026-04-10 16:08:12</subfield>
    <subfield code="w">2026-04-10</subfield>
    <subfield code="y">RN</subfield>
  </datafield>
  <datafield tag="952" ind1=" " ind2=" ">
    <subfield code="0">0</subfield>
    <subfield code="1">0</subfield>
    <subfield code="4">0</subfield>
    <subfield code="7">0</subfield>
    <subfield code="a">BCEJYS</subfield>
    <subfield code="b">BCEJYS</subfield>
    <subfield code="c">17</subfield>
    <subfield code="d">1962-05-01</subfield>
    <subfield code="h">A&#xF1;o XIV, N&#xBA; 41 - mayo/ago. 1962</subfield>
    <subfield code="l">0</subfield>
    <subfield code="o">H330 CUY 41</subfield>
    <subfield code="p">R11080</subfield>
    <subfield code="r">2026-04-10 16:08:12</subfield>
    <subfield code="w">2026-04-10</subfield>
    <subfield code="y">RN</subfield>
  </datafield>
  <datafield tag="952" ind1=" " ind2=" ">
    <subfield code="0">0</subfield>
    <subfield code="1">0</subfield>
    <subfield code="4">0</subfield>
    <subfield code="7">0</subfield>
    <subfield code="a">BCEJYS</subfield>
    <subfield code="b">BCEJYS</subfield>
    <subfield code="c">17</subfield>
    <subfield code="d">1962-01-01</subfield>
    <subfield code="h">A&#xF1;o XIV, N&#xBA; 40 - ene./abr. 1962</subfield>
    <subfield code="l">0</subfield>
    <subfield code="o">H330 CUY 40</subfield>
    <subfield code="p">R11079</subfield>
    <subfield code="r">2026-04-10 16:08:12</subfield>
    <subfield code="w">2026-04-10</subfield>
    <subfield code="y">RN</subfield>
  </datafield>
  <datafield tag="952" ind1=" " ind2=" ">
    <subfield code="0">0</subfield>
    <subfield code="1">0</subfield>
    <subfield code="4">0</subfield>
    <subfield code="7">0</subfield>
    <subfield code="a">BCEJYS</subfield>
    <subfield code="b">BCEJYS</subfield>
    <subfield code="c">17</subfield>
    <subfield code="d">1961-09-01</subfield>
    <subfield code="h">A&#xF1;o XIII, N&#xBA; 39 - sep./dic. 1961</subfield>
    <subfield code="l">0</subfield>
    <subfield code="o">H330 CUY 39</subfield>
    <subfield code="p">R11078</subfield>
    <subfield code="r">2026-04-10 16:08:12</subfield>
    <subfield code="w">2026-04-10</subfield>
    <subfield code="y">RN</subfield>
  </datafield>
  <datafield tag="952" ind1=" " ind2=" ">
    <subfield code="0">0</subfield>
    <subfield code="1">0</subfield>
    <subfield code="4">0</subfield>
    <subfield code="7">0</subfield>
    <subfield code="a">BCEJYS</subfield>
    <subfield code="b">BCEJYS</subfield>
    <subfield code="c">17</subfield>
    <subfield code="d">1961-05-01</subfield>
    <subfield code="h">A&#xF1;o XIII, N&#xBA; 38 - mayo/ago. 1961</subfield>
    <subfield code="l">0</subfield>
    <subfield code="o">H330 CUY 38</subfield>
    <subfield code="p">R11077</subfield>
    <subfield code="r">2026-04-10 16:08:12</subfield>
    <subfield code="w">2026-04-10</subfield>
    <subfield code="y">RN</subfield>
  </datafield>
  <datafield tag="952" ind1=" " ind2=" ">
    <subfield code="0">0</subfield>
    <subfield code="1">0</subfield>
    <subfield code="4">0</subfield>
    <subfield code="7">0</subfield>
    <subfield code="a">BCEJYS</subfield>
    <subfield code="b">BCEJYS</subfield>
    <subfield code="c">17</subfield>
    <subfield code="d">1961-01-01</subfield>
    <subfield code="h">A&#xF1;o XII, N&#xBA; 37 - ene. 1961</subfield>
    <subfield code="l">0</subfield>
    <subfield code="o">H330 CUY 37</subfield>
    <subfield code="p">R11076</subfield>
    <subfield code="r">2026-04-10 16:08:12</subfield>
    <subfield code="w">2026-04-10</subfield>
    <subfield code="y">RN</subfield>
  </datafield>
  <datafield tag="952" ind1=" " ind2=" ">
    <subfield code="0">0</subfield>
    <subfield code="1">0</subfield>
    <subfield code="4">0</subfield>
    <subfield code="7">0</subfield>
    <subfield code="a">BCEJYS</subfield>
    <subfield code="b">BCEJYS</subfield>
    <subfield code="c">17</subfield>
    <subfield code="d">1960-09-01</subfield>
    <subfield code="h">A&#xF1;o XII, N&#xBA; 36 - sep./dic. 1960</subfield>
    <subfield code="l">0</subfield>
    <subfield code="o">H330 CUY 36</subfield>
    <subfield code="p">R11075</subfield>
    <subfield code="r">2026-04-10 16:08:12</subfield>
    <subfield code="w">2026-04-10</subfield>
    <subfield code="y">RN</subfield>
  </datafield>
  <datafield tag="952" ind1=" " ind2=" ">
    <subfield code="0">0</subfield>
    <subfield code="1">0</subfield>
    <subfield code="4">0</subfield>
    <subfield code="7">0</subfield>
    <subfield code="a">BCEJYS</subfield>
    <subfield code="b">BCEJYS</subfield>
    <subfield code="c">17</subfield>
    <subfield code="d">1960-05-01</subfield>
    <subfield code="h">A&#xF1;o XII, N&#xBA; 35 - mayo/ago. 1960</subfield>
    <subfield code="l">0</subfield>
    <subfield code="o">H330 CUY 35</subfield>
    <subfield code="p">R11074</subfield>
    <subfield code="r">2026-04-10 16:08:12</subfield>
    <subfield code="w">2026-04-10</subfield>
    <subfield code="y">RN</subfield>
  </datafield>
  <datafield tag="952" ind1=" " ind2=" ">
    <subfield code="0">0</subfield>
    <subfield code="1">0</subfield>
    <subfield code="4">0</subfield>
    <subfield code="7">0</subfield>
    <subfield code="a">BCEJYS</subfield>
    <subfield code="b">BCEJYS</subfield>
    <subfield code="c">17</subfield>
    <subfield code="d">1960-01-01</subfield>
    <subfield code="h">A&#xF1;o XII, N&#xBA; 34 - ene./abr. 1960</subfield>
    <subfield code="l">0</subfield>
    <subfield code="o">H330 CUY 34</subfield>
    <subfield code="p">R11073</subfield>
    <subfield code="r">2026-04-10 16:08:12</subfield>
    <subfield code="w">2026-04-10</subfield>
    <subfield code="y">RN</subfield>
  </datafield>
  <datafield tag="952" ind1=" " ind2=" ">
    <subfield code="0">0</subfield>
    <subfield code="1">0</subfield>
    <subfield code="4">0</subfield>
    <subfield code="7">0</subfield>
    <subfield code="a">BCEJYS</subfield>
    <subfield code="b">BCEJYS</subfield>
    <subfield code="c">17</subfield>
    <subfield code="d">1959-09-01</subfield>
    <subfield code="h">A&#xF1;o XI, N&#xBA; 33 - sep./dic. 1959</subfield>
    <subfield code="l">0</subfield>
    <subfield code="o">H330 CUY 33</subfield>
    <subfield code="p">R11068</subfield>
    <subfield code="r">2026-04-10 16:08:12</subfield>
    <subfield code="w">2026-04-10</subfield>
    <subfield code="y">RN</subfield>
  </datafield>
  <datafield tag="952" ind1=" " ind2=" ">
    <subfield code="0">0</subfield>
    <subfield code="1">0</subfield>
    <subfield code="4">0</subfield>
    <subfield code="7">0</subfield>
    <subfield code="a">BCEJYS</subfield>
    <subfield code="b">BCEJYS</subfield>
    <subfield code="c">17</subfield>
    <subfield code="d">1959-05-01</subfield>
    <subfield code="h">A&#xF1;o XI, N&#xBA; 32 - mayo/ago. 1959</subfield>
    <subfield code="l">0</subfield>
    <subfield code="o">H330 CUY 32</subfield>
    <subfield code="p">R11067</subfield>
    <subfield code="r">2026-04-10 16:08:12</subfield>
    <subfield code="w">2026-04-10</subfield>
    <subfield code="y">RN</subfield>
  </datafield>
  <datafield tag="952" ind1=" " ind2=" ">
    <subfield code="0">0</subfield>
    <subfield code="1">0</subfield>
    <subfield code="4">0</subfield>
    <subfield code="7">0</subfield>
    <subfield code="a">BCEJYS</subfield>
    <subfield code="b">BCEJYS</subfield>
    <subfield code="c">17</subfield>
    <subfield code="d">1959-01-01</subfield>
    <subfield code="h">A&#xF1;o XI, N&#xBA; 31 - ene./abr. 1959</subfield>
    <subfield code="l">0</subfield>
    <subfield code="o">H330 CUY 31</subfield>
    <subfield code="p">R11066</subfield>
    <subfield code="r">2026-04-10 16:08:12</subfield>
    <subfield code="w">2026-04-10</subfield>
    <subfield code="y">RN</subfield>
  </datafield>
  <datafield tag="952" ind1=" " ind2=" ">
    <subfield code="0">0</subfield>
    <subfield code="1">0</subfield>
    <subfield code="4">0</subfield>
    <subfield code="7">0</subfield>
    <subfield code="a">BCEJYS</subfield>
    <subfield code="b">BCEJYS</subfield>
    <subfield code="c">17</subfield>
    <subfield code="d">1958-09-01</subfield>
    <subfield code="h">A&#xF1;o X, N&#xBA; 30 - ago./dic. 1958</subfield>
    <subfield code="l">0</subfield>
    <subfield code="o">H330 CUY 30</subfield>
    <subfield code="p">R11065</subfield>
    <subfield code="r">2026-04-10 16:08:12</subfield>
    <subfield code="w">2026-04-10</subfield>
    <subfield code="y">RN</subfield>
  </datafield>
  <datafield tag="952" ind1=" " ind2=" ">
    <subfield code="0">0</subfield>
    <subfield code="1">0</subfield>
    <subfield code="4">0</subfield>
    <subfield code="7">0</subfield>
    <subfield code="a">BCEJYS</subfield>
    <subfield code="b">BCEJYS</subfield>
    <subfield code="c">17</subfield>
    <subfield code="d">1958-01-01</subfield>
    <subfield code="h">A&#xF1;o IX, N&#xBA; 28/29 - ene./abr.-mayo/ago. 1958</subfield>
    <subfield code="l">0</subfield>
    <subfield code="o">H330 CUY 28/29</subfield>
    <subfield code="p">R11064</subfield>
    <subfield code="r">2026-04-10 16:08:12</subfield>
    <subfield code="w">2026-04-10</subfield>
    <subfield code="y">RN</subfield>
  </datafield>
  <datafield tag="952" ind1=" " ind2=" ">
    <subfield code="0">0</subfield>
    <subfield code="1">0</subfield>
    <subfield code="4">0</subfield>
    <subfield code="7">0</subfield>
    <subfield code="a">BCEJYS</subfield>
    <subfield code="b">BCEJYS</subfield>
    <subfield code="c">17</subfield>
    <subfield code="d">1957-09-01</subfield>
    <subfield code="h">A&#xF1;o IX, N&#xBA; 27 - sep./dic. 1957</subfield>
    <subfield code="l">0</subfield>
    <subfield code="o">H330 CUY 27</subfield>
    <subfield code="p">R11063</subfield>
    <subfield code="r">2026-04-10 16:08:12</subfield>
    <subfield code="w">2026-04-10</subfield>
    <subfield code="y">RN</subfield>
  </datafield>
  <datafield tag="952" ind1=" " ind2=" ">
    <subfield code="0">0</subfield>
    <subfield code="1">0</subfield>
    <subfield code="4">0</subfield>
    <subfield code="7">0</subfield>
    <subfield code="a">BCEJYS</subfield>
    <subfield code="b">BCEJYS</subfield>
    <subfield code="c">17</subfield>
    <subfield code="d">1957-05-01</subfield>
    <subfield code="h">A&#xF1;o IX, N&#xBA; 26 - mayo/jun. 1957</subfield>
    <subfield code="l">0</subfield>
    <subfield code="o">H330 CUY 26</subfield>
    <subfield code="p">R11062</subfield>
    <subfield code="r">2026-04-10 16:08:12</subfield>
    <subfield code="w">2026-04-10</subfield>
    <subfield code="y">RN</subfield>
  </datafield>
  <datafield tag="952" ind1=" " ind2=" ">
    <subfield code="0">0</subfield>
    <subfield code="1">0</subfield>
    <subfield code="4">0</subfield>
    <subfield code="7">0</subfield>
    <subfield code="a">BCEJYS</subfield>
    <subfield code="b">BCEJYS</subfield>
    <subfield code="c">17</subfield>
    <subfield code="d">1957-01-01</subfield>
    <subfield code="h">A&#xF1;o IX, N&#xBA; 25 - ene./abr. 1957</subfield>
    <subfield code="l">0</subfield>
    <subfield code="o">H330 CUY 25</subfield>
    <subfield code="p">R11061</subfield>
    <subfield code="r">2026-04-10 16:08:12</subfield>
    <subfield code="w">2026-04-10</subfield>
    <subfield code="y">RN</subfield>
  </datafield>
  <datafield tag="952" ind1=" " ind2=" ">
    <subfield code="0">0</subfield>
    <subfield code="1">0</subfield>
    <subfield code="4">0</subfield>
    <subfield code="7">0</subfield>
    <subfield code="a">BCEJYS</subfield>
    <subfield code="b">BCEJYS</subfield>
    <subfield code="c">17</subfield>
    <subfield code="d">1956-09-01</subfield>
    <subfield code="h">A&#xF1;o VIII, N&#xBA; 24 - sep./dic. 1956</subfield>
    <subfield code="l">0</subfield>
    <subfield code="o">H330 CUY 24</subfield>
    <subfield code="p">R11060</subfield>
    <subfield code="r">2026-04-10 16:08:12</subfield>
    <subfield code="w">2026-04-10</subfield>
    <subfield code="y">RN</subfield>
  </datafield>
  <datafield tag="952" ind1=" " ind2=" ">
    <subfield code="0">0</subfield>
    <subfield code="1">0</subfield>
    <subfield code="4">0</subfield>
    <subfield code="7">0</subfield>
    <subfield code="a">BCEJYS</subfield>
    <subfield code="b">BCEJYS</subfield>
    <subfield code="c">17</subfield>
    <subfield code="d">1956-05-01</subfield>
    <subfield code="h">A&#xF1;o VII, N&#xBA; 23 - mayo/ago. 1956</subfield>
    <subfield code="l">0</subfield>
    <subfield code="o">H330 CUY 23</subfield>
    <subfield code="p">R11059</subfield>
    <subfield code="r">2026-04-10 16:08:12</subfield>
    <subfield code="w">2026-04-10</subfield>
    <subfield code="y">RN</subfield>
  </datafield>
  <datafield tag="952" ind1=" " ind2=" ">
    <subfield code="0">0</subfield>
    <subfield code="1">0</subfield>
    <subfield code="4">0</subfield>
    <subfield code="7">0</subfield>
    <subfield code="a">BCEJYS</subfield>
    <subfield code="b">BCEJYS</subfield>
    <subfield code="c">17</subfield>
    <subfield code="d">1956-01-01</subfield>
    <subfield code="h">A&#xF1;o VII, N&#xBA; 22 - ene./abr. 1956</subfield>
    <subfield code="l">0</subfield>
    <subfield code="o">H330 CUY 22</subfield>
    <subfield code="p">R11058</subfield>
    <subfield code="r">2026-04-10 16:08:12</subfield>
    <subfield code="w">2026-04-10</subfield>
    <subfield code="y">RN</subfield>
  </datafield>
  <datafield tag="952" ind1=" " ind2=" ">
    <subfield code="0">0</subfield>
    <subfield code="1">0</subfield>
    <subfield code="4">0</subfield>
    <subfield code="7">0</subfield>
    <subfield code="a">BCEJYS</subfield>
    <subfield code="b">BCEJYS</subfield>
    <subfield code="c">17</subfield>
    <subfield code="d">1955-05-01</subfield>
    <subfield code="h">A&#xF1;o VII, N&#xBA; 20/21 - mayo/ago.- sep./dic. 1955</subfield>
    <subfield code="l">0</subfield>
    <subfield code="o">H330 CUY 20/21</subfield>
    <subfield code="p">R11057</subfield>
    <subfield code="r">2026-04-10 16:08:12</subfield>
    <subfield code="w">2026-04-10</subfield>
    <subfield code="y">RN</subfield>
  </datafield>
  <datafield tag="952" ind1=" " ind2=" ">
    <subfield code="0">0</subfield>
    <subfield code="1">0</subfield>
    <subfield code="4">0</subfield>
    <subfield code="7">0</subfield>
    <subfield code="a">BCEJYS</subfield>
    <subfield code="b">BCEJYS</subfield>
    <subfield code="c">17</subfield>
    <subfield code="d">1955-01-01</subfield>
    <subfield code="h">A&#xF1;o VII, N&#xBA; 19 - ene./abr. 1955</subfield>
    <subfield code="l">0</subfield>
    <subfield code="o">H330 CUY 19</subfield>
    <subfield code="p">R11056</subfield>
    <subfield code="r">2026-04-10 16:08:12</subfield>
    <subfield code="w">2026-04-10</subfield>
    <subfield code="y">RN</subfield>
  </datafield>
  <datafield tag="952" ind1=" " ind2=" ">
    <subfield code="0">0</subfield>
    <subfield code="1">0</subfield>
    <subfield code="4">0</subfield>
    <subfield code="7">0</subfield>
    <subfield code="a">BCEJYS</subfield>
    <subfield code="b">BCEJYS</subfield>
    <subfield code="c">17</subfield>
    <subfield code="d">1954-09-01</subfield>
    <subfield code="h">A&#xF1;o VI, N&#xBA; 18 - sep./dic. 1954</subfield>
    <subfield code="l">0</subfield>
    <subfield code="o">H330 CUY 18</subfield>
    <subfield code="p">R11055</subfield>
    <subfield code="r">2026-04-10 16:08:12</subfield>
    <subfield code="w">2026-04-10</subfield>
    <subfield code="y">RN</subfield>
  </datafield>
  <datafield tag="952" ind1=" " ind2=" ">
    <subfield code="0">0</subfield>
    <subfield code="1">0</subfield>
    <subfield code="4">0</subfield>
    <subfield code="7">0</subfield>
    <subfield code="a">BCEJYS</subfield>
    <subfield code="b">BCEJYS</subfield>
    <subfield code="c">17</subfield>
    <subfield code="d">1954-05-01</subfield>
    <subfield code="h">A&#xF1;o VI, N&#xBA; 17 - mayo/ago. 1954</subfield>
    <subfield code="l">0</subfield>
    <subfield code="o">H330 CUY 17</subfield>
    <subfield code="p">R11054</subfield>
    <subfield code="r">2026-04-10 16:08:12</subfield>
    <subfield code="w">2026-04-10</subfield>
    <subfield code="y">RN</subfield>
  </datafield>
  <datafield tag="952" ind1=" " ind2=" ">
    <subfield code="0">0</subfield>
    <subfield code="1">0</subfield>
    <subfield code="4">0</subfield>
    <subfield code="7">0</subfield>
    <subfield code="a">BCEJYS</subfield>
    <subfield code="b">BCEJYS</subfield>
    <subfield code="c">17</subfield>
    <subfield code="d">1954-01-01</subfield>
    <subfield code="h">A&#xF1;o VI, N&#xBA; 16 - ene./abr. 1954</subfield>
    <subfield code="l">0</subfield>
    <subfield code="o">H330 CUY 16</subfield>
    <subfield code="p">R11053</subfield>
    <subfield code="r">2026-04-10 16:08:12</subfield>
    <subfield code="w">2026-04-10</subfield>
    <subfield code="y">RN</subfield>
  </datafield>
  <datafield tag="952" ind1=" " ind2=" ">
    <subfield code="0">0</subfield>
    <subfield code="1">0</subfield>
    <subfield code="4">0</subfield>
    <subfield code="7">0</subfield>
    <subfield code="a">BCEJYS</subfield>
    <subfield code="b">BCEJYS</subfield>
    <subfield code="c">17</subfield>
    <subfield code="d">1953-09-01</subfield>
    <subfield code="h">A&#xF1;o V, N&#xBA; 15 - sep./dic. 1953</subfield>
    <subfield code="l">0</subfield>
    <subfield code="o">H330 CUY 15</subfield>
    <subfield code="p">R11052</subfield>
    <subfield code="r">2026-04-10 16:08:12</subfield>
    <subfield code="w">2026-04-10</subfield>
    <subfield code="y">RN</subfield>
  </datafield>
  <datafield tag="952" ind1=" " ind2=" ">
    <subfield code="0">0</subfield>
    <subfield code="1">0</subfield>
    <subfield code="4">0</subfield>
    <subfield code="7">0</subfield>
    <subfield code="a">BCEJYS</subfield>
    <subfield code="b">BCEJYS</subfield>
    <subfield code="c">17</subfield>
    <subfield code="d">1953-05-01</subfield>
    <subfield code="h">A&#xF1;o V, N&#xBA; 14 - mayo/ago. 1953</subfield>
    <subfield code="l">0</subfield>
    <subfield code="o">H330 CUY 14</subfield>
    <subfield code="p">R11051</subfield>
    <subfield code="r">2026-04-10 16:08:12</subfield>
    <subfield code="w">2026-04-10</subfield>
    <subfield code="y">RN</subfield>
  </datafield>
  <datafield tag="952" ind1=" " ind2=" ">
    <subfield code="0">0</subfield>
    <subfield code="1">0</subfield>
    <subfield code="4">0</subfield>
    <subfield code="7">0</subfield>
    <subfield code="a">BCEJYS</subfield>
    <subfield code="b">BCEJYS</subfield>
    <subfield code="c">17</subfield>
    <subfield code="d">1953-01-01</subfield>
    <subfield code="h">A&#xF1;o V, N&#xBA; 13 - ene./abr. 1953</subfield>
    <subfield code="l">0</subfield>
    <subfield code="o">H330 CUY 13</subfield>
    <subfield code="p">R11050</subfield>
    <subfield code="r">2026-04-10 16:08:12</subfield>
    <subfield code="w">2026-04-10</subfield>
    <subfield code="y">RN</subfield>
  </datafield>
  <datafield tag="952" ind1=" " ind2=" ">
    <subfield code="0">0</subfield>
    <subfield code="1">0</subfield>
    <subfield code="4">0</subfield>
    <subfield code="7">0</subfield>
    <subfield code="a">BCEJYS</subfield>
    <subfield code="b">BCEJYS</subfield>
    <subfield code="c">17</subfield>
    <subfield code="d">1952-09-01</subfield>
    <subfield code="h">A&#xF1;o IV, N&#xBA; 12 - sep./dic. 1952</subfield>
    <subfield code="l">0</subfield>
    <subfield code="o">H330 CUY 12</subfield>
    <subfield code="p">R11950</subfield>
    <subfield code="r">2026-04-10 16:08:12</subfield>
    <subfield code="w">2026-04-10</subfield>
    <subfield code="y">RN</subfield>
  </datafield>
  <datafield tag="952" ind1=" " ind2=" ">
    <subfield code="0">0</subfield>
    <subfield code="1">0</subfield>
    <subfield code="4">0</subfield>
    <subfield code="7">0</subfield>
    <subfield code="a">BCEJYS</subfield>
    <subfield code="b">BCEJYS</subfield>
    <subfield code="c">17</subfield>
    <subfield code="d">1952-05-01</subfield>
    <subfield code="h">A&#xF1;o IV, N&#xBA; 11 - mayo/ago. 1952</subfield>
    <subfield code="l">0</subfield>
    <subfield code="o">H330 CUY 11</subfield>
    <subfield code="p">R11049</subfield>
    <subfield code="r">2026-04-10 16:08:12</subfield>
    <subfield code="w">2026-04-10</subfield>
    <subfield code="y">RN</subfield>
  </datafield>
  <datafield tag="952" ind1=" " ind2=" ">
    <subfield code="0">0</subfield>
    <subfield code="1">0</subfield>
    <subfield code="4">0</subfield>
    <subfield code="7">0</subfield>
    <subfield code="a">BCEJYS</subfield>
    <subfield code="b">BCEJYS</subfield>
    <subfield code="c">17</subfield>
    <subfield code="d">1952-01-01</subfield>
    <subfield code="h">A&#xF1;o IV, N&#xBA; 10 - ene./abr. 1952</subfield>
    <subfield code="l">0</subfield>
    <subfield code="o">H330 CUY 10</subfield>
    <subfield code="p">R11048</subfield>
    <subfield code="r">2026-04-10 16:08:12</subfield>
    <subfield code="w">2026-04-10</subfield>
    <subfield code="y">RN</subfield>
  </datafield>
  <datafield tag="952" ind1=" " ind2=" ">
    <subfield code="0">0</subfield>
    <subfield code="1">0</subfield>
    <subfield code="4">0</subfield>
    <subfield code="7">0</subfield>
    <subfield code="a">BCEJYS</subfield>
    <subfield code="b">BCEJYS</subfield>
    <subfield code="c">17</subfield>
    <subfield code="d">1951-08-01</subfield>
    <subfield code="h">A&#xF1;o III, N&#xBA; 9 - ago./dic. 1951</subfield>
    <subfield code="l">0</subfield>
    <subfield code="o">H330 CUY 9</subfield>
    <subfield code="p">R11047</subfield>
    <subfield code="r">2026-04-10 16:08:12</subfield>
    <subfield code="w">2026-04-10</subfield>
    <subfield code="y">RN</subfield>
  </datafield>
  <datafield tag="952" ind1=" " ind2=" ">
    <subfield code="0">0</subfield>
    <subfield code="1">0</subfield>
    <subfield code="4">0</subfield>
    <subfield code="7">0</subfield>
    <subfield code="a">BCEJYS</subfield>
    <subfield code="b">BCEJYS</subfield>
    <subfield code="c">17</subfield>
    <subfield code="d">1951-05-01</subfield>
    <subfield code="h">A&#xF1;o III, N&#xBA; 8 - mayo/ago. 1951</subfield>
    <subfield code="l">0</subfield>
    <subfield code="o">H330 CUY 8</subfield>
    <subfield code="p">R11046</subfield>
    <subfield code="r">2026-04-10 16:08:12</subfield>
    <subfield code="w">2026-04-10</subfield>
    <subfield code="y">RN</subfield>
  </datafield>
  <datafield tag="952" ind1=" " ind2=" ">
    <subfield code="0">0</subfield>
    <subfield code="1">0</subfield>
    <subfield code="4">0</subfield>
    <subfield code="7">0</subfield>
    <subfield code="a">BCEJYS</subfield>
    <subfield code="b">BCEJYS</subfield>
    <subfield code="c">17</subfield>
    <subfield code="d">1951-01-01</subfield>
    <subfield code="h">A&#xF1;o III, N&#xBA; 7 - ene./abr. 1951</subfield>
    <subfield code="l">0</subfield>
    <subfield code="o">H330 CUY 7</subfield>
    <subfield code="p">R11045</subfield>
    <subfield code="r">2026-04-10 16:08:12</subfield>
    <subfield code="w">2026-04-10</subfield>
    <subfield code="y">RN</subfield>
  </datafield>
  <datafield tag="952" ind1=" " ind2=" ">
    <subfield code="0">0</subfield>
    <subfield code="1">0</subfield>
    <subfield code="4">0</subfield>
    <subfield code="7">0</subfield>
    <subfield code="a">BCEJYS</subfield>
    <subfield code="b">BCEJYS</subfield>
    <subfield code="c">17</subfield>
    <subfield code="d">1950-08-01</subfield>
    <subfield code="h">A&#xF1;o II, N&#xBA; 6 - ago./dic. 1950</subfield>
    <subfield code="l">0</subfield>
    <subfield code="o">H330 CUY 6</subfield>
    <subfield code="p">R11044</subfield>
    <subfield code="r">2026-04-10 16:08:12</subfield>
    <subfield code="w">2026-04-10</subfield>
    <subfield code="y">RN</subfield>
  </datafield>
  <datafield tag="952" ind1=" " ind2=" ">
    <subfield code="0">0</subfield>
    <subfield code="1">0</subfield>
    <subfield code="4">0</subfield>
    <subfield code="7">0</subfield>
    <subfield code="a">BCEJYS</subfield>
    <subfield code="b">BCEJYS</subfield>
    <subfield code="c">17</subfield>
    <subfield code="d">1950-05-01</subfield>
    <subfield code="h">A&#xF1;o II, N&#xBA; 5 - mayo/ago. 1950</subfield>
    <subfield code="l">0</subfield>
    <subfield code="o">H330 CUY 5</subfield>
    <subfield code="p">R11043</subfield>
    <subfield code="r">2026-04-10 16:08:12</subfield>
    <subfield code="w">2026-04-10</subfield>
    <subfield code="y">RN</subfield>
  </datafield>
  <datafield tag="952" ind1=" " ind2=" ">
    <subfield code="0">0</subfield>
    <subfield code="1">0</subfield>
    <subfield code="4">0</subfield>
    <subfield code="7">0</subfield>
    <subfield code="a">BCEJYS</subfield>
    <subfield code="b">BCEJYS</subfield>
    <subfield code="c">17</subfield>
    <subfield code="d">1950-01-01</subfield>
    <subfield code="h">A&#xF1;o II, N&#xBA; 4 - ene./abr. 1950</subfield>
    <subfield code="l">0</subfield>
    <subfield code="o">H330 CUY 4</subfield>
    <subfield code="p">R11042</subfield>
    <subfield code="r">2026-04-10 16:08:12</subfield>
    <subfield code="w">2026-04-10</subfield>
    <subfield code="y">RN</subfield>
  </datafield>
  <datafield tag="952" ind1=" " ind2=" ">
    <subfield code="0">0</subfield>
    <subfield code="1">0</subfield>
    <subfield code="4">0</subfield>
    <subfield code="7">0</subfield>
    <subfield code="a">BCEJYS</subfield>
    <subfield code="b">BCEJYS</subfield>
    <subfield code="c">17</subfield>
    <subfield code="d">1949-08-01</subfield>
    <subfield code="h">A&#xF1;o I, N&#xBA; 3 - ago./dic. 1949</subfield>
    <subfield code="l">0</subfield>
    <subfield code="o">H330 CUY 3</subfield>
    <subfield code="p">R11041</subfield>
    <subfield code="r">2026-04-10 16:08:12</subfield>
    <subfield code="w">2026-04-10</subfield>
    <subfield code="y">RN</subfield>
  </datafield>
</record>
